Loading...
| Literature - World Lit | 1 | 2 | 0 | 0 | 35 | 34 | 80.67 | 1 | 3 |
| Other - Geo/CE | 1 | 1 | 0 | 0 | 25 | 48 | 70.50 | 1 | 2 |
| Literature - British Lit | 0 | 2 | 0 | 0 | 20 | 114 | 117.00 | 0 | 2 |
| Literature - Euro Lit | 0 | 2 | 0 | 2 | 20 | 97 | 111.50 | 0 | 1 |
| Thought - Philosophy | 0 | 2 | 0 | 1 | 20 | 110 | 116.50 | 0 | 2 |
| Arts - Painting | 0 | 2 | 0 | 1 | 20 | 132 | 144.00 | 0 | 2 |
| Literature - American Lit | 0 | 2 | 0 | 0 | 20 | 77 | 118.00 | 0 | 1 |
| Science - Physics | 1 | 0 | 0 | 0 | 15 | 71 | 71.00 | 0 | 1 |
| Thought - Social Science | 0 | 1 | 0 | 1 | 10 | 125 | 125.00 | 0 | 0 |
| History - Euro History | 0 | 1 | 0 | 1 | 10 | 124 | 124.00 | 0 | 0 |
| History - World History | 0 | 1 | 0 | 1 | 10 | 128 | 128.00 | 0 | 0 |
| Science - Biology | 0 | 1 | 0 | 0 | 10 | 67 | 67.00 | 0 | 1 |
| Arts - Music | 0 | 1 | 1 | 0 | 5 | 113 | 113.00 | 1 | 1 |
| Arts - Other Arts | 0 | 0 | 0 | 0 | 0 | 0.00 | 0 | 0 | |
| History - American History | 0 | 0 | 1 | 0 | -5 | 0.00 | 0 | 0 | |
| Other - Pop Culture | 0 | 0 | 1 | 0 | -5 | 0.00 | 0 | 0 |